000 00730nab a2200229 4500
003 BR-BrBNA
005 20250621141224.0
008 250621b bl.||||| |||| 00| 0 por d
040 _aBR-BrBNA
_bpor
072 _aE11 ; E16
100 _aAndrade, Lívia
245 _aVem aí um novo embate
_bAgroeconomia
500 _a2 illus.
650 _aTERRA
650 _aPRODUTIVIDADE
650 _aDESAPROPRIAÇÃO
650 _aGRANDE PRODUTOR
650 _aREFORMA AGRÁRIA
773 0 _01706
_9347886
_dSão Paulo-SP Editora Três Ltda - E-mail: luizfsa@revistadinheiro.com.br 2004
_o2025-0385
_tDinheiro Rural (Brazil)
_x1807-3700
_gv. 6(59) p. 26-28; (Sep 2009)
_wBR2025003583
942 _cANA
999 _c332165
_d332165